000 00704nam a2200181 4500
001 122953
003 ES-MaACL
007 t|
008 070214s1975 sp r ||||0| spa d
100 1 _aPronzato, Alessandro.
_994030
245 1 3 _aLa provocación de Dios
_b: meditaciones sobre la vida religiosa según el año litúrgico /
_cAlessandro Pronzato ; tradujeron G. González y G. Mártil.
_n, . II,
_pDías feriales después de Epifanía (de la primera a la décimocuarta semana `per annum`).
250 _a2ª ed.
260 _aSalamanca :
_bSígueme,
_c1975.
300 _a347 p ;
_c22 cm.
700 1 _aGonzález, G.
_958314
700 1 _aMártil, G.
_977254
852 _aES-MaACL
_jE-9014
_bR.93349
999 _c122953
_d122953